Diseño de un sistema de riego por goteo para cítricos, naranjas en la finca Ojo con energía renovable, solar en el municipio de San Francisco Libre, Managua

Presenta el diseño de un sistema de riego por goteo para cítricos, naranjas en la finca Ojo con energía renovable, solar en el municipio de San Francisco Libre, incluye diseño agronómico, diseño hidráulico y el establecimiento del sistema fotovoltaico para el sistema de riego por goteo....

Full description

Bibliographic Details
Main Authors: Díaz Ortiz, Henry Antonio, Mercado Rodríguez, José Mauricio
Other Authors: Tutor: Aguilar Velásquez, Alvaro Beni
Format: Tesis Section = Libro
Language:Undetermined
Spanish
Published: Managua UNI 2012
Subjects:
LEADER 01215nam a2200253Ia 4500
008 240830s9999 xx 000 0 und d
040 |a BIBLIOTECA-RUPAP Mon 631.587 D542 
041 |a spa 
082 |a Mon 631.587 D542 
100 1 |a Díaz Ortiz, Henry Antonio 
100 1 |b Mercado Rodríguez, José Mauricio 
245 1 0 |a Diseño de un sistema de riego por goteo para cítricos, naranjas en la finca Ojo con energía renovable, solar en el municipio de San Francisco Libre, Managua 
260 |a Managua  |b UNI  |c 2012 
300 |a 107 p. :il. 
500 |a Contiene: anexos e Incluye: CD. 
502 |a Tesis (Ingeniero Agrícola)- UNI, 2012. 
520 3 |a Presenta el diseño de un sistema de riego por goteo para cítricos, naranjas en la finca Ojo con energía renovable, solar en el municipio de San Francisco Libre, incluye diseño agronómico, diseño hidráulico y el establecimiento del sistema fotovoltaico para el sistema de riego por goteo. 
650 7 |a IRRIGACION - GOTEO - CITRICOS 
650 7 |b ENERGIA SOLAR EN AGRICULTURA - RIEGO POR GOTEO 
650 7 |c BOMBA DE AGUA SOLAR. 
700 1 |a Tutor:  |b Aguilar Velásquez, Alvaro Beni 
942 |c BK  |2 ddc 
991 |a TESIS 
999 |c 16667